Proyecto 1 : octubre 7 1967 [plan para una de las plantas de la casa de Benjamín Orvañanos] /

Tallennettuna:
Bibliografiset tiedot
Päätekijä: Díaz Morales, Ignacio (autor)
Aineistotyyppi: Kuva
Aiheet:
Tagit: Lisää tagi
Ei tageja, Lisää ensimmäinen tagi!

MARC

LEADER 00000nkm^a2200000^a^4500
001 000373022
005 20250521000000.0
009 20260310120023.501
037 |a Acervo ITESO - Biblioteca 
041 |a GRA 
082 |a 720. 972  |b DIA VIV ORV V. 79 
100 |a Díaz Morales, Ignacio  |e (autor) 
240 1 1 |a [Obra residencial de Ignacio Díaz Morales] 
240 1 1 |a [Casa Benjamín Orvañanos] 
245 1 0 |a Proyecto 1 :  |b octubre 7 1967 [plan para una de las plantas de la casa de Benjamín Orvañanos] /  |c I. Díaz Morales. 
255 |a Sin escala ;  |b Orientado con el norte a la derecha 
264 0 |a Morelia, México :  |b dibujo inédito,  |c 1967 Octubre 
300 |a 1 lámina en papel albanene 
300 |a 2 dibujos arquitectónicos :  |b dibujo a lápiz ;  |c 60.5 x 91.5 cm. 
336 |a imagen fija bidimensional :  |b sti  |2 rdacontenido 
337 |a sin mediación  |b n  |2 rdamedio 
338 |a plano arquitectónico  |b nz  |2 rdasoporte 
562 |a Libro o recurso maltratado 
649 |a XX 
650 |a Arquitectos Jaliscienses 
650 |a Arquitectos Mexicanos 
650 |a Artistas Jaliscienses 
650 |a Artistas Mexicanos 
650 |a Residencias -  |z Morelia, Michoacán 
650 |a Residencias -  |z México 
650 |a Vivienda -  |z Morelia, Michoacán 
650 |a Vivienda -  |z México 
650 |a Planos Arquitectónicos -  |x Tema Principal 
650 |a Planos Arquitectónicos -  |x Plantas 
650 |a Dibujo Arquitectónico 
650 |a Dibujo Técnico 
650 |a Representación Arquitectónica 
650 |a Diseño Arquitectónico 
650 |a Arquitectura Regionalista -  |z Morelia, Michoacán 
650 |a Arquitectura Regionalista -  |z México 
650 |a Arquitectura Jalisciense -  |y Siglo XX 
650 |a Arquitectura Mexicana -  |y Siglo XX 
650 |a Arte Jalisciense -  |y Siglo XX 
650 |a Arte Mexicano -  |y Siglo XX 
600 |a Díaz Morales, Ignacio 
910 |a Fondo Ignacio Díaz Morales 
920 |a Gráficos - Planos Arquitectónicos 
940 |a Arquitectos Jaliscienses 
905 |a 501 
901 |a 0500268052  |b IT2  |c ARQ  |u 20250521 
902 |a https://opac.biblio.iteso.mx/vufind/Record/000373022